All Pokémon (#001 - #1008) - Statistics

General Stats
  • This quiz has been taken 69 times
    26 since last reset
  • The average score is 530 of 1008
Answer Stats
No. Type Pokémon % Correct
#024 Poison Arbok
100%
#015 Bug/Poison Beedrill
100%
#009 Water Blastoise
100%
#001 Grass/Poison Bulbasaur
100%
#012 Bug/Flying Butterfree
100%
#010 Bug Caterpie
100%
#006 Fire/Flying Charizard
100%
#004 Fire Charmander
100%
#005 Fire Charmeleon
100%
#036 Fairy Clefable
100%
#035 Fairy Clefairy
100%
#173 Fairy Cleffa
100%
#023 Poison Ekans
100%
#022 Normal/Flying Fearow
100%
#118 Water Goldeen
100%
#002 Grass/Poison Ivysaur
100%
#014 Bug/Poison Kakuna
100%
#011 Bug Metapod
100%
#034 Poison/Ground Nidoking
100%
#031 Poison/Ground Nidoqueen
100%
#029 | #032 Poison Nidoran
100%
#030 Poison Nidorina
100%
#033 Poison Nidorino
100%
#018 Normal/Flying Pidgeot
100%
#017 Normal/Flying Pidgeotto
100%
#016 Normal/Flying Pidgey
100%
#025 Electric Pikachu
100%
#026 Electric Raichu
100%
#078 Fire Rapidash
100%
#020 Normal Raticate
100%
#019 Normal Rattata
100%
#027 Ground Sandshrew
100%
#028 Ground Sandslash
100%
#021 Normal/Flying Spearow
100%
#007 Water Squirtle
100%
#003 Grass/Poison Venusaur
100%
#008 Water Wartortle
100%
#013 Bug/Poison Weedle
100%
#460 Grass/Ice Abomasnow
80%
#063 Psychic Abra
80%
#142 Rock/Flying Aerodactyl
80%
#190 Normal Aipom
80%
#065 Psychic Alakazam
80%
#594 Water Alomomola
80%
#424 Normal Ambipom
80%
#181 Electric Ampharos
80%
#059 Fire Arcanine
80%
#493 Normal Arceus
80%
#168 Bug/Poison Ariados
80%
#144 Ice/Flying Articuno
80%
#184 Water/Fairy Azumarill
80%
#298 Normal/Fairy Azurill
80%
#153 Grass Bayleef
80%
#614 Ice Beartic
80%
#267 Bug/Flying Beautifly
80%
#182 Grass Bellossom
80%
#069 Grass/Poison Bellsprout
80%
#400 Normal/Water Bibarel
80%
#399 Normal Bidoof
80%
#525 Rock Boldore
80%
#406 Grass/Poison Budew
80%
#268 Bug Cascoon
80%
#351 Normal Castform
80%
#152 Grass Chikorita
80%
#390 Fire Chimchar
80%
#170 Water/Electric Chinchou
80%
#091 Water/Ice Cloyster
80%
#415 Bug/Flying Combee
80%
#453 Poison/Fighting Croagunk
80%
#169 Poison/Flying Crobat
80%
#159 Water Croconaw
80%
#613 Ice Cubchoo
80%
#155 Fire Cyndaquil
80%
#491 Dark Darkrai
80%
#087 Water/Ice Dewgong
80%
#483 Steel/Dragon Dialga
80%
#050 Ground Diglett
80%
#132 Normal Ditto
80%
#148 Dragon Dragonair
80%
#149 Dragon/Flying Dragonite
80%
#147 Dragon Dratini
80%
#426 Ghost/Flying Drifblim
80%
#425 Ghost/Flying Drifloon
80%
#096 Psychic Drowzee
80%
#051 Ground Dugtrio
80%
#578 Psychic Duosion
80%
#269 Bug/Poison Dustox
80%
#557 Bug/Rock Dwebble
80%
#603 Electric Eelektrik
80%
#604 Electric Eelektross
80%
#133 Normal Eevee
80%
#125 Electric Electabuzz
80%
#466 Electric Electivire
80%
#101 Electric Electrode
80%
#239 Electric Elekid
80%
#500 Fire/Fighting Emboar
80%
#395 Water/Steel Empoleon
80%
#244 Fire Entei
80%
#196 Psychic Espeon
80%
#102 Grass/Psychic Exeggcute
80%
#103 Grass/Psychic Exeggutor
80%
#295 Normal Exploud
80%
#083 Normal/Flying Farfetch'd
80%
#160 Water Feraligatr
80%
#136 Fire Flareon
80%
#330 Ground/Dragon Flygon
80%
#656 Water Froakie
80%
#162 Normal Furret
80%
#092 Ghost/Poison Gastly
80%
#094 Ghost/Poison Gengar
80%
#074 Rock/Ground Geodude
80%
#471 Ice Glaceon
80%
#044 Grass/Poison Gloom
80%
#042 Poison/Flying Golbat
80%
#076 Rock/Ground Golem
80%
#622 Ground/Ghost Golett
80%
#210 Fairy Granbull
80%
#075 Rock/Ground Graveler
80%
#088 Poison Grimer
80%
#383 Ground Groudon
80%
#058 Fire Growlithe
80%
#326 Psychic Grumpig
80%
#130 Water/Flying Gyarados
80%
#093 Ghost/Poison Haunter
80%
#107 Fighting Hitmonchan
80%
#106 Fighting Hitmonlee
80%
#237 Fighting Hitmontop
80%
#430 Dark/Flying Honchkrow
80%
#250 Fire/Flying Ho-oh
80%
#720 Psychic/Ghost Hoopa
80%
#187 Grass/Flying Hoppip
80%
#116 Water Horsea
80%
#097 Psychic Hypno
80%
#174 Normal/Fairy Igglybuff
80%
#392 Fire/Fighting Infernape
80%
#039 Normal/Fairy Jigglypuff
80%
#135 Electric Jolteon
80%
#595 Bug/Electric Joltik
80%
#189 Grass/Flying Jumpluff
80%
#124 Ice/Psychic Jynx
80%
#140 Rock/Water Kabuto
80%
#141 Rock/Water Kabutops
80%
#064 Psychic Kadabra
80%
#115 Normal Kangaskhan
80%
#352 Normal Kecleon
80%
#230 Water/Dragon Kingdra
80%
#099 Water Kingler
80%
#109 Poison Koffing
80%
#098 Water Krabby
80%
#382 Water Kyogre
80%
#171 Water/Electric Lanturn
80%
#470 Grass Leafeon
80%
#463 Normal Lickilicky
80%
#108 Normal Lickitung
80%
#294 Normal Loudred
80%
#249 Psychic/Flying Lugia
80%
#792 Psychic/Ghost Lunala
80%
#337 Rock/Psychic Lunatone
80%
#068 Fighting Machamp
80%
#067 Fighting Machoke
80%
#066 Fighting Machop
80%
#240 Fire Magby
80%
#219 Fire/Rock Magcargo
80%
#129 Water Magikarp
80%
#126 Fire Magmar
80%
#467 Fire Magmortar
80%
#081 Electric/Steel Magnemite
80%
#082 Electric/Steel Magneton
80%
#462 Electric/Steel Magnezone
80%
#473 Ice/Ground Mamoswine
80%
#183 Water/Fairy Marill
80%
#308 Fighting/Psychic Medicham
80%
#307 Fighting/Psychic Meditite
80%
#154 Grass Meganium
80%
#052 Normal Meowth
80%
#151 Psychic Mew
80%
#150 Psychic Mewtwo
80%
#439 Psychic/Fairy Mime Jr.
80%
#312 Electric Minun
80%
#200 Ghost Misdreavus
80%
#429 Ghost Mismagius
80%
#146 Fire/Flying Moltres
80%
#391 Fire/Fighting Monferno
80%
#414 Bug/Flying Mothim
80%
#122 Psychic/Fairy Mr. Mime
80%
#089 Poison Muk
80%
#446 Normal Munchlax
80%
#198 Dark/Flying Murkrow
80%
#038 Fire Ninetales
80%
#299 Rock Nosepass
80%
#224 Water Octillery
80%
#043 Grass/Poison Oddish
80%
#138 Rock/Water Omanyte
80%
#139 Rock/Water Omastar
80%
#095 Rock/Ground Onix
80%
#484 Water/Dragon Palkia
80%
#053 Normal Persian
80%
#172 Electric Pichu
80%
#499 Fire/Fighting Pignite
80%
#221 Ice/Ground Piloswine
80%
#127 Bug Pinsir
80%
#393 Water Piplup
80%
#311 Electric Plusle
80%
#186 Water Politoed
80%
#060 Water Poliwag
80%
#061 Water Poliwhirl
80%
#062 Water/Fighting Poliwrath
80%
#077 Fire Ponyta
80%
#137 Normal Porygon
80%
#233 Normal Porygon2
80%
#474 Normal PorygonZ
80%
#394 Water Prinplup
80%
#476 Rock/Steel Probopass
80%
#156 Fire Quilava
80%
#243 Electric Raikou
80%
#384 Dragon/Flying Rayquaza
80%
#223 Water Remoraid
80%
#112 Ground/Rock Rhydon
80%
#111 Ground/Rock Rhyhorn
80%
#464 Ground/Rock Rhyperior
80%
#551 Ground/Dark Sandile
80%
#212 Bug/Steel Scizor
80%
#123 Bug/Flying Scyther
80%
#117 Water Seadra
80%
#119 Water Seaking
80%
#273 Grass Seedot
80%
#086 Water Seel
80%
#161 Normal Sentret
80%
#497 Grass Serperior
80%
#496 Grass Servine
80%
#090 Water Shellder
80%
#422 Water Shellos
80%
#410 Rock/Steel Shieldon
80%
#213 Bug/Rock Shuckle
80%
#266 Bug Silcoon
80%
#227 Steel/Flying Skarmory
80%
#188 Grass/Flying Skiploom
80%
#218 Fire Slugma
80%
#235 Normal Smeargle
80%
#238 Ice/Psychic Smoochum
80%
#495 Grass Snivy
80%
#143 Normal Snorlax
80%
#361 Ice Snorunt
80%
#209 Fairy Snubbull
80%
#577 Psychic Solosis
80%
#338 Rock/Psychic Solrock
80%
#167 Bug/Poison Spinarak
80%
#325 Psychic Spoink
80%
#121 Water/Psychic Starmie
80%
#120 Water Staryu
80%
#208 Steel/Ground Steelix
80%
#245 Water Suicune
80%
#277 Normal/Flying Swellow
80%
#220 Ice/Ground Swinub
80%
#700 Fairy Sylveon
80%
#276 Normal/Flying Taillow
80%
#128 Normal Tauros
80%
#216 Normal Teddiursa
80%
#072 Water/Poison Tentacool
80%
#073 Water/Poison Tentacruel
80%
#498 Fire Tepig
80%
#158 Water Totodile
80%
#454 Poison/Fighting Toxicroak
80%
#157 Fire Typhlosion
80%
#236 Fighting Tyrogue
80%
#197 Dark Umbreon
80%
#217 Normal Ursaring
80%
#583 Ice Vanillish
80%
#582 Ice Vanillite
80%
#584 Ice Vanilluxe
80%
#134 Water Vaporeon
80%
#049 Bug/Poison Venomoth
80%
#048 Bug/Poison Venonat
80%
#416 Bug/Flying Vespiquen
80%
#071 Grass/Poison Victreebel
80%
#045 Grass/Poison Vileplume
80%
#100 Electric Voltorb
80%
#037 Fire Vulpix
80%
#070 Grass/Poison Weepinbell
80%
#110 Poison Weezing
80%
#293 Normal Whismur
80%
#040 Normal/Fairy Wigglytuff
80%
#202 Psychic Wobbuffet
80%
#265 Bug Wurmple
80%
#360 Psychic Wynaut
80%
#193 Bug/Flying Yanma
80%
#469 Bug/Flying Yanmega
80%
#888 Fairy Zacian
80%
#889 Fighting Zamazenta
80%
#335 Normal Zangoose
80%
#145 Electric/Flying Zapdos
80%
#523 Electric Zebstrika
80%
#041 Poison/Flying Zubat
80%
#359 Dark Absol
60%
#617 Bug Accelgor
60%
#306 Steel/Rock Aggron
60%
#842 Grass/Dragon Appletun
60%
#840 Grass/Dragon Applin
60%
#566 Rock/Flying Archen
60%
#567 Rock/Flying Archeops
60%
#304 Steel/Rock Aron
60%
#482 Psychic Azelf
60%
#411 Rock/Steel Bastiodon
60%
#257 Fire/Fighting Blaziken
60%
#242 Normal Blissey
60%
#438 Rock Bonsly
60%
#418 Water Buizel
60%
#427 Normal Buneary
60%
#659 Normal Bunnelby
60%
#331 Grass Cacnea
60%
#332 Grass/Dark Cacturne
60%
#318 Water/Dark Carvanha
60%
#251 Psychic/Grass Celebi
60%
#113 Normal Chansey
60%
#421 Grass Cherrim
60%
#420 Grass Cherubi
60%
#366 Water Clamperl
60%
#256 Fire/Fighting Combusken
60%
#534 Fighting Conkeldurr
60%
#341 Water Corphish
60%
#222 Water/Rock Corsola
60%
#740 Fighting/Ice Crabominable
60%
#739 Fighting Crabrawler
60%
#408 Rock Cranidos
60%
#342 Water/Dark Crawdaunt
60%
#615 Ice Cryogonal
60%
#104 Ground Cubone
60%
#742 Bug/Fairy Cutiefly
60%
#585 Normal/Grass Deerling
60%
#301 Normal Delcatty
60%
#660 Normal/Ground Diggersby
60%
#085 Normal/Flying Dodrio
60%
#084 Normal/Flying Doduo
60%
#232 Ground Donphan
60%
#529 Ground Drilbur
60%
#817 Water Drizzile
60%
#832 Normal Dubwool
60%
#580 Water/Flying Ducklett
60%
#206 Normal Dunsparce
60%
#632 Bug/Steel Durant
60%
#356 Ghost Dusclops
60%
#355 Ghost Duskull
60%
#597 Grass/Steel Ferroseed
60%
#598 Grass/Steel Ferrothorn
60%
#180 Electric Flaaffy
60%
#841 Grass/Dragon Flapple
60%
#662 Fire/Flying Fletchinder
60%
#661 Normal/Flying Fletchling
60%
#419 Water Floatzel
60%
#205 Bug/Steel Forretress
60%
#592 Water/Ghost Frillish
60%
#657 Water Frogadier
60%
#676 Normal Furfrou
60%
#475 Psychic/Fighting Gallade
60%
#596 Bug/Electric Galvantula
60%
#282 Psychic/Fairy Gardevoir
60%
#649 Bug/Steel Genesect
60%
#203 Normal/Psychic Girafarig
60%
#487 Ghost/Dragon Giratina
60%
#362 Ice Glalie
60%
#431 Normal Glameow
60%
#207 Ground/Flying Gligar
60%
#472 Ground/Flying Gliscor
60%
#055 Water Golduck
60%
#623 Ground/Ghost Golurk
60%
#368 Water Gorebyss
60%
#388 Grass Grotle
60%
#253 Grass Grovyle
60%
#316 Poison Gulpin
60%
#440 Normal Happiny
60%
#297 Fighting Hariyama
60%
#631 Fire Heatmor
60%
#485 Fire/Steel Heatran
60%
#449 Ground Hippopotas
60%
#450 Ground Hippowdon
60%
#163 Normal/Flying Hoothoot
60%
#229 Dark/Fire Houndoom
60%
#228 Dark/Fire Houndour
60%
#367 Water Huntail
60%
#314 Bug Illumise
60%
#593 Water/Ghost Jellicent
60%
#281 Psychic/Fairy Kirlia
60%
#600 Steel Klang
60%
#599 Steel Klink
60%
#601 Steel Klinklang
60%
#646 Dragon/Ice Kyurem
60%
#305 Steel/Rock Lairon
60%
#131 Water/Ice Lapras
60%
#636 Bug/Fire Larvesta
60%
#246 Rock/Ground Larvitar
60%
#380 Dragon/Psychic Latias
60%
#381 Dragon/Psychic Latios
60%
#166 Bug/Flying Ledian
60%
#165 Bug/Flying Ledyba
60%
#549 Grass Lilligant
60%
#725 Fire Litten
60%
#271 Water/Grass Lombre
60%
#428 Normal Lopunny
60%
#270 Water/Grass Lotad
60%
#448 Fighting/Steel Lucario
60%
#272 Water/Grass Ludicolo
60%
#370 Water Luvdisc
60%
#296 Fighting Makuhita
60%
#310 Electric Manectric
60%
#056 Fighting Mankey
60%
#226 Water/Flying Mantine
60%
#458 Water/Flying Mantyke
60%
#179 Electric Mareep
60%
#105 Ground Marowak
60%
#259 Water/Ground Marshtomp
60%
#284 Bug/Flying Masquerain
60%
#303 Steel/Fairy Mawile
60%
#481 Psychic Mesprit
60%
#262 Dark Mightyena
60%
#778 Ghost/Fairy Mimikyu
60%
#866 Ice/Psychic Mr. Rime
60%
#258 Water Mudkip
60%
#177 Psychic/Flying Natu
60%
#164 Normal/Flying Noctowl
60%
#714 Flying/Dragon Noibat
60%
#515 Water Panpour
60%
#511 Grass Pansage
60%
#513 Fire Pansear
60%
#046 Bug/Grass Paras
60%
#047 Bug/Grass Parasect
60%
#279 Water/Flying Pelipper
60%
#548 Grass Petilil
60%
#231 Ground Phanpy
60%
#204 Bug Pineco
60%
#261 Dark Poochyena
60%
#728 Water Popplio
60%
#057 Fighting Primeape
60%
#054 Water Psyduck
60%
#710 Ghost/Grass Pumpkaboo
60%
#247 Rock/Ground Pupitar
60%
#432 Normal Purugly
60%
#195 Water/Ground Quagsire
60%
#211 Water/Poison Qwilfish
60%
#280 Psychic/Fairy Ralts
60%
#409 Rock Rampardos
60%
#378 Ice Regice
60%
#895 Dragon Regidrago
60%
#486 Normal Regigigas
60%
#377 Rock Regirock
60%
#379 Steel Registeel
60%
#369 Water/Rock Relicanth
60%
#643 Dragon/Fire Reshiram
60%
#579 Psychic Reuniclus
60%
#447 Fighting Riolu
60%
#315 Grass/Poison Roselia
60%
#407 Grass/Poison Roserade
60%
#539 Fighting Sawk
60%
#254 Grass Sceptile
60%
#364 Ice/Water Sealeo
60%
#336 Poison Seviper
60%
#319 Water/Dark Sharpedo
60%
#616 Bug Shelmet
60%
#516 Water Simipour
60%
#512 Grass Simisage
60%
#514 Fire Simisear
60%
#865 Fighting Sirfetch'd
60%
#300 Normal Skitty
60%
#451 Poison/Bug Skorupi
60%
#435 Poison/Dark Skuntank
60%
#080 WaterPsychic Slowbro
60%
#199 Water/Psychic Slowking
60%
#079 Water/Psychic Slowpoke
60%
#685 Fairy Slurpuff
60%
#215 Dark/Ice Sneasel
60%
#459 Grass/Ice Snover
60%
#816 Water Sobble
60%
#363 Ice/Water Spheal
60%
#327 Normal Spinda
60%
#234 Normal Stantler
60%
#398 Normal/Flying Staraptor
60%
#397 Normal/Flying Staravia
60%
#396 Normal/Flying Starly
60%
#434 Poison/Dark Stunky
60%
#185 Rock Sudowoodo
60%
#192 Grass Sunflora
60%
#191 Grass Sunkern
60%
#283 Bug/Water Surskit
60%
#541 Bug/Grass Swadloon
60%
#260 Water/Ground Swampert
60%
#581 Water/Flying Swanna
60%
#528 Psychic/Flying Swoobat
60%
#663 Fire/Flying Talonflame
60%
#114 Grass Tangela
60%
#465 Grass Tangrowth
60%
#538 Fighting Throh
60%
#532 Fighting Timburr
60%
#468 Fairy/Flying Togekiss
60%
#175 Fairy Togepi
60%
#176 Fairy/Flying Togetic
60%
#255 Fire Torchic
60%
#726 Fire Torracat
60%
#389 Grass/Ground Torterra
60%
#252 Grass Treecko
60%
#357 Grass/Flying Tropius
60%
#387 Grass Turtwig
60%
#602 Electric Tynamo
60%
#248 Rock/Dark Tyranitar
60%
#201 Psychic Unown
60%
#494 Psychic/Fire Victini
60%
#666 Bug/Flying Vivillon
60%
#637 Bug/Fire Volcarona
60%
#320 Water Wailmer
60%
#321 Water Wailord
60%
#365 Ice/Water Walrein
60%
#461 Dark/Ice Weavile
60%
#278 Water/Flying Wingull
60%
#527 Psychic/Flying Woobat
60%
#831 Normal Wooloo
60%
#194 Water/Ground Wooper
60%
#413 Bug/Varies Wormadam
60%
#178 Psychic/Flying Xatu
60%
#644 Dragon/Electric Zekrom
60%
#807 Electric Zeraora
60%
#681 Steel/Ghost Aegislash
40%
#334 Dragon/Flying Altaria
40%
#698 Rock/Ice Amaura
40%
#591 Grass/Poison Amoonguss
40%
#347 Rock/Bug Anorith
40%
#348 Rock/Bug Armaldo
40%
#531 Normal Audino
40%
#699 Rock/Ice Aurorus
40%
#610 Dragon Axew
40%
#371 Dragon Bagon
40%
#343 Ground/Psychic Baltoy
40%
#354 Ghost Banette
40%
#339 Water/Ground Barboach
40%
#550 Water Basculin
40%
#606 Psychic Beheeyem
40%
#374 Steel/Psychic Beldum
40%
#760 Normal/Fighting Bewear
40%
#625 Dark/Steel Bisharp
40%
#824 Bug Blipbug
40%
#522 Electric Blitzle
40%
#836 Electric Boltund
40%
#626 Normal Bouffalant
40%
#654 Fire Braixen
40%
#628 Normal/Flying Braviary
40%
#286 Grass/Fighting Breloom
40%
#437 Steel/Psychic Bronzong
40%
#436 Steel/Psychic Bronzor
40%
#779 Water/Psychic Bruxish
40%
#412 Bug Burmy
40%
#323 Fire/Ground Camerupt
40%
#838 Rock/Fire Carkol
40%
#455 Grass Carnivine
40%
#565 Water/Rock Carracosta
40%
#797 Steel/Flying Celesteela
40%
#851 Fire/Bug Centiskorch
40%
#609 Ghost/Fire Chandelure
40%
#737 Bug/Electric Charjabug
40%
#441 Normal/Flying Chatot
40%
#652 Grass/Fighting Chesnaught
40%
#650 Grass Chespin
40%
#358 Psychic Chimecho
40%
#433 Psychic Chingling
40%
#573 Normal Cinccino
40%
#815 Fire Cinderace
40%
#692 Water Clauncher
40%
#693 Water Clawitzer
40%
#344 Ground/Psychic Claydol
40%
#839 Rock/Fire Coalossal
40%
#638 Steel/Fighting Cobalion
40%
#563 Ghost Cofagrigus
40%
#790 Psychic Cosmoem
40%
#789 Psychic Cosmog
40%
#546 Grass/Fairy Cottonee
40%
#346 Rock/Grass Cradily
40%
#488 Psychic Cresselia
40%
#558 Bug/Rock Crustle
40%
#555 Fire Darmanitan
40%
#554 Fire Darumaka
40%
#724 Grass/Ghost Decidueye
40%
#633 Dark/Dragon Deino
40%
#225 Ice/Flying Delibird
40%
#655 Fire/Psychic Delphox
40%
#386 Psychic Deoxys
40%
#502 Water Dewott
40%
#751 Water/Bug Dewpider
40%
#680 Steel/Ghost Doublade
40%
#691 Poison/Dragon Dragalge
40%
#452 Poison/Dark Drapion
40%
#621 Dragon Druddigon
40%
#477 Ghost Dusknoir
40%
#309 Electric Electrike
40%
#605 Psychic Elgyem
40%
#587 Electric/Flying Emolga
40%
#589 Bug/Steel Escavalier
40%
#677 Psychic Espurr
40%
#890 Poison/Dragon Eternatus
40%
#530 Ground/Steel Excadrill
40%
#870 Fighting Falinks
40%
#349 Water Feebas
40%
#653 Fire Fennekin
40%
#456 Water Finneon
40%
#669 Fairy Flabebe
40%
#670 Fairy Floette
40%
#671 Fairy Florges
40%
#590 Grass/Poison Foongus
40%
#611 Dragon Fraxure
40%
#478 Ice/Ghost Froslass
40%
#444 Dragon/Ground Gabite
40%
#569 Poison Garbodor
40%
#445 Dragon/Ground Garchomp
40%
#423 Water/Ground Gastrodon
40%
#443 Dragon/Ground Gible
40%
#526 Rock Gigalith
40%
#999 Ghost Gimmighoul
40%
#704 Dragon Goomy
40%
#574 Psychic Gothita
40%
#576 Psychic Gothitelle
40%
#575 Psychic Gothorita
40%
#820 Normal Greedent
40%
#658 Water/Dark Greninja
40%
#810 Grass Grookey
40%
#533 Fighting Gurdurr
40%
#612 Dragon Haxorus
40%
#695 Electric/Normal Heliolisk
40%
#214 Bug/Fighting Heracross
40%
#507 Normal Herdier
40%
#679 Steel/Ghost Honedge
40%
#635 Dark/Dragon Hydreigon
40%
#818 Water Inteleon
40%
#385 Steel/Psychic Jirachi
40%
#588 Bug Karrablast
40%
#798 Grass/Steel Kartana
40%
#647 Water/Fighting Keldeo
40%
#980 Dark/Steel Kingambit
40%
#900 Bug/Rock Kleavor
40%
#401 Bug Kricketot
40%
#402 Bug Kricketune
40%
#552 Ground/Dark Krokorok
40%
#553 Ground/Dark Krookodile
40%
#608 Ghost/Fire Lampent
40%
#645 Ground/Flying Landorus
40%
#542 Bug/Grass Leavanny
40%
#510 Dark Liepard
40%
#345 Rock/Grass Lileep
40%
#506 Normal Lillipup
40%
#264 Normal Linoone
40%
#667 Fire/Normal Litleo
40%
#607 Ghost/Fire Litwick
40%
#457 Water Lumineon
40%
#404 Electric Luxio
40%
#405 Electric Luxray
40%
#745 Rock Lycanroc
40%
#490 Water Manaphy
40%
#630 Dark/Flying Mandibuzz
40%
#556 Grass Maractus
40%
#809 Steel Melmetal
40%
#648 Normal/Psychic Meloetta
40%
#808 Steel Meltan
40%
#678 Psychic Meowstic
40%
#376 Steel/Psychic Metagross
40%
#375 Steel/Psychic Metang
40%
#619 Fighting Mienfoo
40%
#620 Fighting Mienshao
40%
#350 Water Milotic
40%
#241 Normal Miltank
40%
#572 Normal Minccino
40%
#517 Psychic Munna
40%
#518 Psychic Musharna
40%
#827 Dark Nickit
40%
#290 Bug/Ground Nincada
40%
#291 Bug/Flying Ninjask
40%
#715 Flying/Dragon Noivern
40%
#322 Fire/Ground Numel
40%
#274 Grass/Dark Nuzleaf
40%
#862 Dark/Normal Obstagoon
40%
#765 Normal/Psychic Oranguru
40%
#826 Bug/Psychic Orbeetle
40%
#501 Water Oshawott
40%
#904 Dark/Poison Overqwil
40%
#417 Electric Pachirisu
40%
#536 Water/Ground Palpitoad
40%
#674 Fighting Pancham
40%
#675 Fighting/Dark Pangoro
40%
#766 Fighting Passimian
40%
#504 Normal Patrat
40%
#624 Dark/Steel Pawniard
40%
#863 Steel Perrserker
40%
#708 Ghost/Grass Phantump
40%
#489 Water Phione
40%
#519 Normal/Flying Pidove
40%
#731 Normal/Flying Pikipek
40%
#730 Water/Fairy Primarina
40%
#509 Dark Purrloin
40%
#668 Fire/Normal Pyroar
40%
#651 Grass Quilladin
40%
#814 Fire Raboot
40%
#894 Electric Regieleki
40%
#812 Grass Rillaboom
40%
#744 Rock Rockruff
40%
#524 Rock Roggenrola
40%
#837 Rock Rolycoly
40%
#479 Electric/Ghost Rotom
40%
#722 Grass/Flying Rowlet
40%
#627 Normal/Flying Rufflet
40%
#867 Ground/Ghost Runerigus
40%
#302 Dark/Ghost Sableye
40%
#373 Dragon/Flying Salamence
40%
#757 Poison/Fire Salandit
40%
#758 Poison/Fire Salazzle
40%
#503 Water Samurott
40%
#844 Ground Sandaconda
40%
#586 Normal/Grass Sawsbuck
40%
#664 Bug Scatterbug
40%
#545 Bug/Poison Scolipede
40%
#813 Fire Scorbunny
40%
#560 Dark/Fighting Scrafty
40%
#559 Dark/Fighting Scraggy
40%
#537 Water/Ground Seismitoad
40%
#540 Bug/Grass Sewaddle
40%
#492 Grass Shaymin
40%
#292 Bug/Ghost Shedinja
40%
#372 Dragon Shelgon
40%
#275 Grass/Dark Shiftry
40%
#403 Electric Shinx
40%
#285 Grass Shroomish
40%
#353 Ghost Shuppet
40%
#561 Psychic/Flying Sigilyph
40%
#843 Ground Silicobra
40%
#690 Poison/Water Skrelp
40%
#819 Normal Skwovet
40%
#289 Normal Slaking
40%
#287 Normal Slakoth
40%
#791 Psychic/Steel Solgaleo
40%
#665 Bug Spewpa
40%
#442 Ghost/Dark Spiritomb
40%
#508 Normal Stoutland
40%
#759 Normal/Fighting Stufful
40%
#618 Ground/Electric Stunfisk
40%
#333 Normal/Flying Swablu
40%
#317 Poison Swalot
40%
#684 Fairy Swirlix
40%
#788 Water/Fairy Tapu Fini
40%
#785 Electric/Fairy Tapu Koko
40%
#639 Rock/Fighting Terrakion
40%
#828 Dark Thievul
40%
#642 Electric/Flying Thundurus
40%
#811 Grass Thwackey
40%
#564 Water/Rock Tirtouga
40%
#777 Electric/Steel Togedemaru
40%
#324 Fire Torkoal
40%
#641 Flying Tornadus
40%
#733 Normal/Flying Toucannon
40%
#848 Electric/Poison Toxel
40%
#849 Electric/Poison Toxtricity
40%
#520 Normal/Flying Tranquill
40%
#328 Ground Trapinch
40%
#709 Ghost/Grass Trevenant
40%
#568 Poison Trubbish
40%
#732 Normal/Flying Trumbeak
40%
#535 Water Tympole
40%
#772 Normal Type: Null
40%
#697 Rock/Dragon Tyrantrum
40%
#696 Rock/Dragon Tyrunt
40%
#521 Normal/Flying Unfezant
40%
#901 Ground/Normal Ursaluna
40%
#480 Psychic Uxie
40%
#543 Bug/Poison Venipede
40%
#329 Ground/Dragon Vibrava
40%
#288 Normal Vigoroth
40%
#738 Bug/Electric Vikavolt
40%
#640 Grass/Fighting Virizion
40%
#313 Bug Volbeat
40%
#721 Fire/Water Volcanion
40%
#629 Dark/Flying Vullaby
40%
#505 Normal Watchog
40%
#547 Grass/Fairy Whimsicott
40%
#544 Bug/Poison Whirlipede
40%
#340 Water/Ground Whiscash
40%
#746 Water Wishiwashi
40%
#716 Fairy Xerneas
40%
#562 Ghost Yamask
40%
#835 Electric Yamper
40%
#734 Normal Yungoos
40%
#717 Dark/Flying Yveltal
40%
#263 Normal Zigzagoon
40%
#571 Dark Zoroark
40%
#570 Dark Zorua
40%
#634 Dark/Dragon Zweilous
40%
#718 Dragon/Ground Zygarde
40%
#869 Fairy Alcremie
20%
#936 Fighting/Ghost Annihilape
20%
#752 Water/Bug Araquanid
20%
#931 Grass/Normal Arboliva
20%
#997 Dragon/Ice Arctibax
20%
#883 Water/Ice Arctovish
20%
#881 Electric/Ice Arctozolt
20%
#938 Fire/Psychic Armarouge
20%
#683 Fairy Aromatisse
20%
#846 Water Arrokuda
20%
#713 Ice Avalugg
20%
#689 Rock/Water Barbaracle
20%
#847 Water Barraskewda
20%
#902 Water/Ghost Basculegion
20%
#998 Dragon/Ice Baxcalibur
20%
#941 Electric Bellibolt
20%
#712 Ice Bergmite
20%
#688 Rock/Water Binacle
20%
#806 Fire/Ghost Blacephalon
20%
#966 Flying/Dark Bombirdier
20%
#761 Grass Bounsweet
20%
#951 Grass/Ghost Brambleghast
20%
#950 Grass/Ghost Bramblin
20%
#729 Water Brionne
20%
#986 Grass/Dark Brute Bonnet
20%
#794 Bug/Fighting Buzzwole
20%
#898 Psychic/Grass Calyrex
20%
#955 Grass Capsakid
20%
#703 Rock/Fairy Carbink
20%
#939 Fire/Ghost Ceruledge
20%
#979 Ice Cetitan
20%
#978 Ice Cetoddle
20%
#937 Fire Charcadet
20%
#833 Water Chewtle
20%
#1002 Dark/Ice Chien-Pao
20%
#1004 Dark/Fire Chi-Yu
20%
#852 Fighting Clobbopus
20%
#924 Poison/Ground Clodsire
20%
#764 Fairy Comfey
20%
#879 Steel Copperajah
20%
#823 Flying/Steel Corviknight
20%
#822 Flying Corvisquire
20%
#845 Flying/Water Cramorant
20%
#910 Fire Crocalor
20%
#878 Steel Cufant
20%
#864 Ghost Cursola
20%
#971 Dragon/Normal Cyclizar
20%
#928 Fairy Dachsbun
20%
#723 Grass/Flying Dartrix
20%
#702 Electric/Fairy Dedenne
20%
#781 Ghost/Grass Dhelmise
20%
#719 Rock/Fairy Diancie
20%
#930 Grass/Normal Dolliv
20%
#982 Water Dondozo
20%
#825 Bug/Psychic Dottler
20%
#882 Water/Dragon Dracovish
20%
#880 Electric/Dragon Dracozolt
20%
#887 Dragon/Ghost Dragapult
20%
#886 Dragon/Ghost Drakloak
20%
#780 Normal/Dragon Drampa
20%
#834 Water/Rock Drednaw
20%
#885 Dragon/Ghost Dreepy
20%
#944 Normal Dudunsparce
20%
#884 Steel/Dragon Duraludon
20%
#875 Ice Eiscue
20%
#830 Grass Eldegoss
20%
#905 Fairy/Flying Enamorus
20%
#960 Psychic Espathra
20%
#945 Normal/Psychic Farigiraf
20%
#927 Fairy Fidough
20%
#967 Water Finizen
20%
#977 Flying/Fighting Flamigo
20%
#959 Psychic Flittle
20%
#907 Grass Floragato
20%
#987 Ghost/Fairy Flutter Mane
20%
#753 Grass Fomantis
20%
#996 Dragon/Ice Frigibax
20%
#873 Ice/Bug Frosmoth
20%
#909 Fire Fuecoco
20%
#935 Rock Garganacl
20%
#1000 Ghost/Steel Gholdengo
20%
#896 Ice Glastrier
20%
#973 Rock/Poison Glimmet
20%
#974 Rock/Poison Glimmora
20%
#673 Grass Gogoat
20%
#768 Bug/Water Golisopod
20%
#706 Dragon Goodra
20%
#829 Grass Gossifleur
20%
#711 Ghost/Grass Gourgeist
20%
#949 Poison/Normal Grafaiai
20%
#853 Fighting Grapploct
20%
#984 Ground/Fighting Great Tusk
20%
#975 Ghost Greavard
20%
#861 Dark/Fairy Grimmsnarl
20%
#736 Bug Grubbin
20%
#735 Normal Gumshoos
20%
#799 Dark/Dragon Guzzlord
20%
#783 Dragon/Fighting Hakamo-o
20%
#856 Psychic Hatenna
20%
#858 Psychic/Fairy Hatterene
20%
#857 Psychic Hattrem
20%
#701 Fighting/Flying Hawlucha
20%
#694 Electric/Normal Helioptile
20%
#976 Ghost Houndstone
20%
#859 Dark/Fairy Impidimp
20%
#727 Fire/Dark Incineroar
20%
#876 Psychic/Normal Indeedee
20%
#686 Dark/Psychic Inkay
20%
#991 Ice/Water Iron Bundle
20%
#992 Fighting/Electric Iron Hands
20%
#993 Dark/Flying Iron Jugulis
20%
#994 Fire/Poison Iron Moth
20%
#995 Rock/Electric Iron Thorns
20%
#990 Ground/Steel Iron Treads
20%
#1006 Fighting/Fairy Iron Valiant
20%
#782 Dragon Jangmo-o
20%
#943 Electric/Flying Kilowattrel
20%
#954 Rock Klawf
20%
#707 Steel/Fairy Klefki
20%
#775 Normal Komala
20%
#784 Dragon/Fighting Kommo-o
20%
#1007 Fighting/Dragon Koraidon
20%
#891 Fighting Kubfu
20%
#915 Normal Lechonk
20%
#920 Bug/Dark Lokix
20%
#754 Grass Lurantis
20%
#947 Dark Mabosstiff
20%
#801 Steel/Fairy Magearna
20%
#687 Dark/Psychic Malamar
20%
#747 Poison/Water Mareanie
20%
#802 Fighting/Ghost Marshadow
20%
#946 Dark Maschiff
20%
#926 Normal Maushold
20%
#908 Grass/Dark Meowscarada
20%
#868 Fairy Milcery
20%
#774 Rock/Flying Minior
20%
#1008 Electric/Dragon Miraidon
20%
#755 Grass/Fairy Morelull
20%
#860 Dark/Fairy Morgrem
20%
#877 Electric/Dark Morpeko
20%
#749 Ground Mudbray
20%
#750 Ground Mudsdale
20%
#933 Rock Nacli
20%
#934 Rock Naclstack
20%
#804 Poison/Dragon Naganadel
20%
#800 Psychic Necrozma
20%
#793 Rock/Poison Nihilego
20%
#919 Bug Nymble
20%
#916 Normal Oinkologne
20%
#741 Varies/Flying Oricorio
20%
#972 Steel Orthworm
20%
#968 Water Palafin
20%
#770 Ghost/Ground Palossand
20%
#921 Electric Pawmi
20%
#922 Electric/Fighting Pawmo
20%
#923 Electric/Fighting Pawmot
20%
#795 Bug/Fighting Pheromosa
20%
#871 Electric Pincurchin
20%
#803 Poison Poipole
20%
#855 Ghost Polteageist
20%
#771 Water Pyukumuku
20%
#914 Water/Fighting Quaquaval
20%
#912 Water Quaxly
20%
#913 Water Quaxwell
20%
#958 Bug/Psychic Rabsca
20%
#957 Bug Rellor
20%
#970 Steel/Poison Revavroom
20%
#743 Bug/Fairy Ribombee
20%
#1005 Dragon/Dark Roaring Moon
20%
#821 Flying Rookidee
20%
#769 Ghost/Ground Sandygast
20%
#989 Electric/Ground Sandy Shocks
20%
#956 Grass/Fire Scovillain
20%
#985 Fairy/Psychic Scream Tail
20%
#756 Grass/Fairy Shiinotic
20%
#948 Poison/Normal Shroodle
20%
#773 Normal Silvally
20%
#854 Ghost Sinistea
20%
#850 Fire/Bug Sizzlipede
20%
#911 Fire/Ghost Skeledirge
20%
#672 Grass Skiddo
20%
#705 Dragon Sliggoo
20%
#988 Bug/Fighting Slither Wing
20%
#929 Grass/Normal Smoliv
20%
#903 Fighting/Poison Sneasler
20%
#872 Ice/Bug Snom
20%
#897 Ghost Spectrier
20%
#918 Bug Spidops
20%
#906 Grass Sprigatito
20%
#682 Fairy Spritzee
20%
#932 Normal/Flying Squawkabilly
20%
#805 Rock/Steel Stakataka
20%
#762 Grass Steenee
20%
#874 Rock Stonjourner
20%
#940 Electric Tadbulb
20%
#925 Normal Tandemaus
20%
#787 Grass/Fairy Tapu Bulu
20%
#786 Psychic/Fairy Tapu Lele
20%
#917 Bug Tarountula
20%
#983 Dragon/Water Tatsugiri
20%
#1003 Dark/Ground Ting-Lu
20%
#961 Fairy/Steel Tinkatink
20%
#963 Fairy/Steel Tinkaton
20%
#962 Fairy/Steel Tinkatuff
20%
#952 Ground/Grass Toedscool
20%
#953 Ground/Grass Toedscruel
20%
#748 Poison/Water Toxapex
20%
#763 Grass Tsareena
20%
#776 Fire/Dragon Turtonator
20%
#892 Fighting/Dark Urshifu
20%
#969 Steel/Poison Varoom
20%
#981 Water/Psychic Veluza
20%
#942 Electric/Flying Wattrel
20%
#964 Water Wiglett
20%
#767 Bug/Water Wimpod
20%
#1001 Dark/Grass Wo-Chien
20%
#965 Waters Wugtrio
20%
#899 Normal/Psychic Wyrdeer
20%
#796 Electric Xurkitree
20%
#893 Dark/Grass Zarude
20%
No matching quizzes found
Score Distribution
Percent of People with Each Score
Percentile by Number Answered
Your Score History
You have not taken this quiz since the last reset